000 00382nam a2200133Ia 4500
008 211109s9999||||xx |||||||||||||| ||und||
082 _a894.8123
_bSRI-K
100 _aSri Sarma Dr E R,
245 0 _aKanninte Kanne
260 _bSAHITHYA PRVARTHAKA SANGHAM
_aKottayam
_c1969
630 _xGeneral Stack
650 _aMALAYALAM LITERATURE
_vMALAYALAM NOVEL
_xGeneralia
942 _cBOOK
999 _c20305
_d20305